Alle landen waar een K in zit. - Statistieken

Algemene statistieken
  • Deze quiz is 107 keer genomen
  • De gemiddelde score is 29 van 34
Antwoordstatistieken
Antwoord % Correct
Kazachstan
100%
Kroatië
97%
Turkije
97%
Griekenland
94%
Kenia
94%
Kirgizië
94%
Verenigd Koninkrijk
94%
Centraal-Afrikaanse Republiek[
91%
Kameroen
91%
Marokko
91%
Noord-Korea
91%
Pakistan
91%
Zuid-Korea
91%
Oezbekistan
88%
Turkmenistan
88%
Zuid-Afrika
88%
Kaapverdië
85%
Denemarken
82%
Frankrijk
82%
Irak
82%
Koeweit
82%
Oostenrijk
82%
Saint Kitts en Nevis
82%
Slowakije
82%
Congo-Kinshasa
79%
Dominicaanse Republiek
79%
Kiribati
79%
Kosovo
79%
Oekraïne
79%
Ivoorkust
71%
Madagaskar
65%
Sri Lanka
65%
Burkina Faso
62%
Tadzjikistan
62%
Geen overeenkomende quizzen gevonden
Scoreverdeling
Procent van Mensen met Elke Score
Percentiel versus Aantal Correcte Antwoorden
Uw Scoregeschiedenis
U heeft deze quiz nog niet genomen